000 00850nam a2200229Ia 4500
001 5284
003 GE_BSU
008 181216s||||||||xx |||||||||||||| ||und||
040 _cGE_BSU
080 _a514.18(075.8)
100 _aГордон, В О.Семенцев-Огиевский М.А.
245 _aкурсу начертательной геометрии
245 _bУчебное пособие для студ. машиностроит и приборостроит. спец. вузов
245 _cПод.ред. В.О.Гордона
250 _aизд.22-ое
260 _aМосква
260 _bНаука, Гл ред физ-мат лит-ры
260 _c1977
300 _a364 с 22 см.
653 _aСборник задач по курс начертательной геометрии
942 _cBK
999 _c38871
_d38871